| 000 | 00530cam a2200169 i 4500 | ||
|---|---|---|---|
| 008 | 160712s2017 akua b s000 j eng | ||
| 020 | _a9781602233133 (pbk. : alk. paper) | ||
| 020 | _a9781602233140 () | ||
| 050 | 0 | 0 |
_aPS3551.N368 _bA6 2017 |
| 082 | 0 | 0 | _a813/.54 |
| 100 | 1 | _aAnderson, Jean, | |
| 245 | 1 | 0 |
_aHuman being songs : _bnorthern stories / _cJean Anderson. |
| 260 |
_aFairbanks _bUniversity Of Alaska Press _c2017 |
||
| 300 |
_ax, 123 pages : _billustrations ; |
||
| 650 |
_aLove Mysteries _vVagaries of Life |
||
| 942 | _cBK | ||
| 999 |
_c3384 _d3384 |
||